Five Most Guessed Subdivisions by Country #2 - Statistics

General Stats
  • This quiz has been taken 241 times
  • The average score is 24 of 40
Answer Stats
Country % Subdivision % Correct
Canada 93 Quebec
91%
Japan 97 Tokyo
85%
Canada 90 Ontario
83%
Italy 93 Sicily
83%
Switzerland 95 Bern
79%
Canada 86 Alberta
77%
France 85 Normandy
77%
Switzerland 93 Zürich
77%
Canada 87 British Columbia
76%
France 86 Brittany
76%
Mexico 85 Mexico
75%
Japan 87 Osaka
75%
Switzerland 91 Geneva
73%
Italy 82 Sardinia
73%
Italy 86 Tuscany
73%
Canada 83 Newfoundland and Labrador
72%
Mexico 87 Baja California
68%
Italy 65 Lombardy
66%
Mexico 80 Chihuahua
64%
Japan 85 Kyoto
62%
France 60 Île-de-France
61%
Switzerland 63 Basel-Stadt
60%
Mexico 79 Yucatán
59%
Japan 81 Hiroshima
53%
France 60 Corsica
52%
Netherlands 82 South Holland
51%
Netherlands 83 North Holland
50%
Japan 89 Hokkaido
49%
Italy 56 Lazio
47%
Netherlands 82 Zeeland
47%
Russia 70 Chechen Republic
45%
Netherlands 74 Friesland
39%
Netherlands 73 Utrecht
39%
Russia 70 Sakha
36%
Mexico 66 Oaxaca
31%
France 59 French Guiana
30%
Russia 58 Dagestan
29%
Switzerland 56 Lucerne
29%
Russia 84 Crimea
25%
Russia 61 Karelia
19%
No matching quizzes found
Score Distribution
Percent of People with Each Score
Percentile by Number Answered
Your Score History
You have not taken this quiz